| 000 | 00632nam a2200241Ia 4500 | ||
|---|---|---|---|
| 999 |
_c58619 _d58619 |
||
| 003 | 0100 | ||
| 005 | 20180323084935.0 | ||
| 008 | 130303s9999 xx 000 0 und d | ||
| 020 | _a9966218424 | ||
| 040 | _cARRUPELIB | ||
| 050 | _aBV230.B86 2002 | ||
| 100 |
_aBujo, Benezet _914709 |
||
| 245 | 4 |
_aThe impact of the our father on everyday life _bmeditations of an African theologian _cBenezet Bujo |
|
| 260 |
_bPaulines Publications Africa _aNairobi _c2002 |
||
| 300 | _a112p. | ||
| 300 | _b 21cm. | ||
| 440 |
_aSpirituality No. 15 _940888 |
||
| 650 |
_aLord's prayer _937204 |
||
| 942 |
_2lcc _cMONOGRAPH |
||